A Comprehensive View Of Tyre Rubber Degradation In Service (Record no. 75606)

MARC details
000 -LEADER
fixed length control field 00580nam a22001697a 4500
100 ## - MAIN ENTRY--AUTHOR NAME
Personal name Stocek, R.
245 ## - TITLE STATEMENT
Title A Comprehensive View Of Tyre Rubber Degradation In Service
260 ## - PUBLICATION, DISTRIBUTION, ETC. (IMPRINT)
Name of publisher International Rubber Conference-rubber Con 2024: Sustainable Development In Rubber Industry-challenges And Opportunities, 5-7 December 2024, Indian Rubber Institute, Kochi, India, P. 47.
Year of publication 2024
300 ## - PHYSICAL DESCRIPTION
Other physical details Abstract only
650 ## - SUBJECT ADDED ENTRY--TOPICAL TERM
Topical Term Tyre
650 ## - SUBJECT ADDED ENTRY--TOPICAL TERM
Topical Term Degradation
650 ## - SUBJECT ADDED ENTRY--TOPICAL TERM
Topical Term Cut & chip
700 ## - ADDED ENTRY--PERSONAL NAME
Personal name Kipscholl, R.
700 ## - ADDED ENTRY--PERSONAL NAME
Personal name Kipscholl, C.
942 ## - ADDED ENTRY ELEMENTS (KOHA)
Koha item type Journals
Holdings
Withdrawn status Lost status Damaged status Not for loan Home library Current library Date acquired Koha item type
        RRII Library RRII Library 22/09/2025 Journals